| 000 | 01747nab a2200277 a 4500 | ||
|---|---|---|---|
| 005 | 20250324093900.0 | ||
| 008 | 991125c2016 ck fr p o 000 0 spa d | ||
| 035 | _aUPN01000215493 | ||
| 040 |
_aUPN _bspa _cUPN _eaacr2 |
||
| 049 | _aART-E | ||
| 100 | 1 |
_aPérez Echeverri, Santiago _6- sperezec@gmail.com |
|
| 245 | 1 | 0 | _aCrecer a pesar de todo: un caso de resiliencia infantil |
| 506 | 0 | _aAcceso abierto | |
| 520 | 3 | _aEste artículo proviene de una investigación basada en el estudio de caso de un niño de 10 años de edad, con el aporte de los relatos que surgieron en el acompañamiento psicológico al que asistía regularmente. El objetivo consistió en evidenciar factores de resiliencia en los relatos recolectados mediante entrevistas clínicas, haciendo claras capacidades de adaptación en el niño que obedecen a su proceso de desarrollo. Todo esto teniendo en cuenta experiencias de separación y ambivalencia afectiva a lo largo de diferentes momentos de su vida hasta la actualidad, que motivan la participación en el acompañamiento psicológico. El proyecto se llevó a cabo desde un enfoque de investigación cualitativa de tipo descriptiva y mediante el uso de técnicas como el estudio de caso y la entrevista. | |
| 650 | 4 |
_aDesarrollo infantil _9176 |
|
| 650 | 4 |
_aEstudio de casos _953642 |
|
| 650 | 2 |
_aResiliencia (Rasgo de la personalidad) _96115 |
|
| 653 | 0 | _aRelato | |
| 653 | 0 | _aInfancia | |
| 773 |
_gVol. 15, no. 2 (2016), p. 239-252 _tInfancias imagenes _x1657-9089 |
||
| 856 | 4 | _uhttps://revistas.udistrital.edu.co/index.php/infancias/article/view/10454 | |
| 856 | 4 | _uhttps://doi.org/10.14483/udistrital.jour.infimg.2016.2.a05 | |
| 902 | _aGloria Jiménez/1124 | ||
| 905 | _aArticulo | ||
| 942 | _cART-E | ||
| 999 |
_c187593 _d187593 |
||